| 000 | 00460nam a2200181Ia 4500 | ||
|---|---|---|---|
| 001 | 1169 | ||
| 005 | 20260306140612.0 | ||
| 008 | 260306t1981||||xx |||||||||||||| ||spa|| | ||
| 041 | _aESP | ||
| 082 |
_a186 _bO41 |
||
| 100 |
_aOlaso, Ezequiel de _eAUT |
||
| 245 | 0 |
_aEscepticismo e ilustración: _bla crisis pirrónica de Hume y Rousseau |
|
| 260 | _c1981 | ||
| 300 |
_a101 páginas : _c22 cm. |
||
| 650 | _aGEN | ||
| 654 | _aCHU | ||
| 942 |
_cLIB _dJUS _fJUS _2ddc _n |
||
| 999 |
_c1169 _d1169 |
||